ბათუმის შოთა რუსთაველის სახელმწიფო უნივერსიტეტის ბიბლიოთეკა

წარსულის მაცნეები : (ბიბ.ჩანაწერი № 60256)

000 -ლიდერი
ფიქსირებული სიგრძის საკონტროლო ველი 00897nam a22001937a 4500
003 - საკონტროლო ნომრის იდენტიფიკატორი
საკონტროლო ველი Ge_BSU
005 - ბოლო ოპერაციის თარიღი და დრო
საკონტროლო ველი 20230622121615.0
008 - ფიქსირებული სიგრძის მონაცემთა ელემენტები - ზოგადი ინფორმაცია
ფიქსირებული სიგრძის საკონტროლო ველი 230622s1965 ge ||||| |||| 00| 0 geo d
041 ## - ენის კოდი
Language code of text/sound track or separate title geo
080 ## - უნივერსალური ათობითი კლასიფიკაციის ინდექსი
Universal Decimal Classification number 737(479.22)(09) კ-24
100 ## - მთავარი ჩანაწერი - პიროვნების სახელი
Personal name კაპანაძე, დ.
9 (RLIN) 18166
245 ## - ცნობა სათაურის შესახებ
Title წარსულის მაცნეები :
Remainder of title [ნუმიზმატიკა] /
Statement of responsibility, etc დ. კაპანაძე; რედ.შ. დარახველიძე.
264 ## - წარმოების, გამოცემის, დისტრიბუციის და სხვა ცნობები
გამოცემის, წარმოების, დისტრიბუციის... ადგილი თბ. :
გამოცემის, წარმოების, დისტრიბუციის... სახელწოდება ნაკადული,
გამოცემის, წარმოების, დისტრიბუციის... თარიღი 1965.
300 ## - ფიზიკური აღწერა
Extent 136 გვ. :
Other physical details 6 ფ. ილ. ;
Dimensions 19 სმ.
653 ## - INDEX TERM--UNCONTROLLED
Uncontrolled term ქართული ნუმიზმატიკის ისტორია
653 ## - INDEX TERM--UNCONTROLLED
Uncontrolled term საქართველოს ისტორიის წყაროები.
700 ## - ADDED ENTRY--PERSONAL NAME
Personal name დარახველიძე, შ.
Relator term რედაქტორი
9 (RLIN) 14754
942 ## - ADDED ENTRY ELEMENTS (KOHA)
Source of classification or shelving scheme
Koha item type წიგნი
ეგზემპლარები
ჩამოწერის სტატუსი დაკარგული ეგზემპლარის სტატუსი კლასიფიკაციის წყარო ან თაროზე გაწყობის სქემა დაზიანების სტატუსი არ გაიცემა მუდმივი მდებარეობა (დაცვის ადგილი) ამჟამინდელი ადგილსამყოფელი თაროზე განთავსების ადგილი შეძენის თარიღი ღირებულება, შესყიდვის ნორმალური ფასი სრული შენახვის შიფრი შტრიხკოდი ბოლო ოპერაციის თარიღი ეგზემპლარის მიმდევრობითი ნომერი (კეტერი?) Uniform Resource Identifier ფასის ძალაში შესვლის თარიღი ეგზემპლარის სახეობა საჯარო შენიშვნა
          ბათუმის შოთა რუსთაველის სახელმწიფო უნივერსიტეტის მთავარი ბიბლიოთეკა ბათუმის შოთა რუსთაველის სახელმწიფო უნივერსიტეტის მთავარი ბიბლიოთეკა წიგნსაცავი 2023-06-22 4.00 737(479.22)(09) კ-24 64776 2023-06-22 64776 ბსუ-ს საპატიო დოქტორის გურამ ლორთქიფანიძის საჩუქარი 2023-06-22 წიგნი 4 ლ.